000 00513nam a2200169 a 4500
001 000022597
005 20200930021707.0
008 101013s2001 dr 000 0 spa d
040 _aDO-SdBNP
_bspa
_cBNPHU
082 _axxxx
_bC352v
100 1 _aCastillo, Alfredo del
_946507
245 1 0 _aVivencias y verdades /
_cAlfredo del Castillo.
260 _aSanto Domingo :
_bCentenario,
_c2001.
300 _a299 p. ;
_c23 cm.
590 _aLa biblioteca posee 2 ejemplares autografiados por el autor
049 _aBNPD
999 _c22094
_d22094